000 00773nam a2200205 i 4500
001 75605
003 ES-MaACL
005 20230906172523.0
007 t|
008 040927m19701971sp ||||1| spa d
100 1 _aGrassé, Pierre Paul.
_959698
245 1 3 _aLa vida de los animales /
_cPierre Paul Grassé ; [versión, Francisco Gil Martínez ; revisión, Jacinto Nadal Puigdefabregas].
250 _a[1ª ed.].
260 _aBarcelona :
_bPlaneta,
_c[1970-1971]
300 _a3 v. :
_bil. ;
_c30 cm.
505 8 _aContiene: V. I: La población de la tierra. -- V. II: La evolución de la vida. -- V. III: Hacia el hombre.
700 1 _aGil Mariscal, Fernando.
_956839
700 1 _aNadal Puigdefabregas, Jacinto.
_984809
852 _aES-MaACL
_jC-54189-91
_bR.74917
999 _c75605
_d75605